The Eminem Show - Eminem - Statistics

General Stats
  • This quiz has been taken 19 times
  • The average score is 15 of 20
Answer Stats
Songs Plays Artists % Correct
Till I Collapse 2,323,963,562 Eminem, Nate Dogg
100%
Without Me 2,790,193,027 Eminem
100%
Business 252,151,368 Eminem
92%
Cleanin' Out My Closet 494,793,576 Eminem
92%
Superman 1,211,881,102 Eminem, Dina Rae
92%
Hailie's Song 158,170,858 Eminem
85%
White America 193,485,106 Eminem
85%
Curtains Up (Skit) 429,963 Eminem
77%
My Dad's Gone Crazy 104,942,753 Eminem, Hailie Jade
77%
Soldier 140,953,169 Eminem
77%
Square Dance 92,515,550 Eminem
77%
Drips 51,213,677 Eminem, Obie Trice
69%
Say Goodbye Hollywood 70,025,904 Eminem
69%
Sing for the Moment 647,042,332 Eminem
69%
The Kiss (Skit) 28,009,182 Eminem
69%
Curtains Close (Skit) 21,313,916 Eminem
62%
Say What You Say 56,780,646 Eminem, Dr. Dre
54%
Steve Berman (Skit) 22,573,083 Eminem
54%
When The Music Stops 94,374,113 Eminem, D12
54%
Paul Rosenberg (Skit) 69,807 Eminem
46%
No matching quizzes found
Score Distribution
Percent of People with Each Score
Percentile by Number Answered
Your Score History
You have not taken this quiz